| 000 | 01190nac a22003491u 4500 | ||
|---|---|---|---|
| 003 | EG-ScBUE | ||
| 005 | 20220830112406.0 | ||
| 008 | 200219t1996 njuab f b 001 0 eng d | ||
| 020 | _a9780131344006 | ||
| 020 | _a0131344005 | ||
| 040 |
_aEG-ScBUE _beng _erda _cEG-ScBUE _dEG-ScBUE |
||
| 082 | 0 | 4 |
_a709.4563209024 _bPAR _222 |
| 100 | 1 |
_aPartridge, Loren W., _eauthor. |
|
| 245 | 1 | 4 |
_aThe art of renaissance Rome, 1400-1600 / _cLoren Partridge. |
| 264 | 1 |
_aUpper Saddle River, NJ : _bPrentice Hall, _c[1996] |
|
| 264 | 4 | _cc1996 | |
| 300 |
_a184 pages : _billustrations (some color), maps ; _c24 cm. |
||
| 336 |
_2rdacontent _atext _btxt |
||
| 337 |
_2rdamedia _aunmediated _bn |
||
| 338 |
_2rdacarrier _avolume _bnc |
||
| 490 | 0 | _aA perspectives book from Prentice Hall | |
| 504 | _aIncludes bibliographical references and index. | ||
| 650 | 7 |
_aArt, Italian _zItaly _zRome. _2BUEsh |
|
| 650 | 7 |
_aArt, Renaissance _zItaly _zRome. _2BUEsh |
|
| 650 | 7 |
_aArt, Italian _zVatican City. _2BUEsh |
|
| 650 | 7 |
_aArt, Renaissance _zVatican city. _2BUEsh |
|
| 650 | 7 |
_aPopes _xArt patronage. _2BUEsh |
|
| 651 | _2BUEsh | ||
| 653 | _bART | ||
| 655 |
_vReading book _934232 |
||
| 942 |
_cBB _2ddc |
||
| 999 |
_c1475 _d1475 |
||